Most Guessed US States - Statistics

General Stats
  • This quiz has been taken 64 times
  • The average score is 8 of 10
Answer Stats
Rank Percent Answer % Correct
#1 96% California
96%
#4 94% New York
96%
#2 96% Texas
96%
#3 94% Florida
91%
#5 92% Washington
89%
#6 88% Alaska
82%
#7 85% Nevada
75%
#10 83% Alabama
69%
#8 84% North Dakota
58%
#9 84% South Dakota
53%
No matching quizzes found
Score Distribution
Percent of People with Each Score
Percentile by Number Answered
Your Score History
You have not taken this quiz